Statistics for Most Guessed Oceanian Countries on JetPunk

Click here to take the quiz!

General Stats

  • This quiz has been taken 1,584 times
  • The average score is 6 of 7

Answer Stats

% GuessedCountry% Correct
98%Australia
100%
97%New Zealand
99%
90%Fiji
93%
86%Papua New Guinea
87%
80%Samoa
83%
80%Marshall Islands
80%
81%Micronesia
80%

Score Distribution

Percentile by Number Answered

Percent of People with Each Score

Your Score History

You have not taken this quiz